Saving your energy (Record no. 70727)
[ view plain ]
| 000 -LEADER | |
|---|---|
| fixed length control field | 01389cam a2200241 4500 |
| 001 - CONTROL NUMBER | |
| control field | ABS65780 |
| 008 - FIXED-LENGTH DATA ELEMENTS--GENERAL INFORMATION | |
| fixed length control field | 020715n2002 000 0 eng u |
| 035 ## - SYSTEM CONTROL NUMBER | |
| System control number | (Sirsi) u118814 |
| 100 ## - MAIN ENTRY--PERSONAL NAME | |
| Personal name | Silvester, M |
| 245 ## - TITLE STATEMENT | |
| Title | Saving your energy |
| 260 ## - PUBLICATION, DISTRIBUTION, ETC. | |
| Date of publication, distribution, etc. | 2002 |
| 490 ## - SERIES STATEMENT | |
| Series statement | Property Week |
| Volume/sequential designation | 67(24) 21 June 2002, 38-39(20) |
| 520 ## - SUMMARY, ETC. | |
| Summary, etc. | Discusses Enhanced Capital Allowances (ECAs) which under the Finance Bill 2002 will cover those involved in leasing energy efficiency assets. Highlights the benefits of ECAs which include businesses receiving 100% tax relief for capital expenditure and saving money on running costs at the same time. Looks at who can benefit from ECAs such as developers, new construction and refurbishment projects, landlords and private finance initiatives. Explains that including designated energy-saving plant and machinery could increase the level of capital allowances that an owner is allowed to receive and thus reduce overall running costs. Lists the different classes for qualifying technology where ECAs are available and explains how claims can be made on energy saving technologies. |
| 590 ## - LOCAL NOTE (RLIN) | |
| Local note | ABS |
| 650 ## - SUBJECT ADDED ENTRY--TOPICAL TERM | |
| Topical term or geographic name entry element | TAX RELIEF |
| 650 ## - SUBJECT ADDED ENTRY--TOPICAL TERM | |
| Topical term or geographic name entry element | PROPERTY DEVELOPERS |
| 650 ## - SUBJECT ADDED ENTRY--TOPICAL TERM | |
| Topical term or geographic name entry element | PLANT AND MACHINERY |
| 650 ## - SUBJECT ADDED ENTRY--TOPICAL TERM | |
| Topical term or geographic name entry element | ENERGY EFFICIENCY |
| 650 ## - SUBJECT ADDED ENTRY--TOPICAL TERM | |
| Topical term or geographic name entry element | ENHANCED CAPITAL ALLOWANCE SCHEME |
| 650 ## - SUBJECT ADDED ENTRY--TOPICAL TERM | |
| Topical term or geographic name entry element | CAPITAL ALLOWANCES |
| 690 ## - LOCAL SUBJECT ADDED ENTRY--TOPICAL TERM (OCLC, RLIN) | |
| Topical term or geographic name as entry element | TAXATION |
| 942 ## - ADDED ENTRY ELEMENTS (KOHA) | |
| Suppress in OPAC | 0 |
| Withdrawn status | Lost status | Source of classification or shelving scheme | Damaged status | Not for loan | Home library | Current library | Shelving location | Date acquired | Total Checkouts | Full call number | Barcode | Date last seen | Copy number | Price effective from | Koha item type |
|---|---|---|---|---|---|---|---|---|---|---|---|---|---|---|---|
| Dewey Decimal Classification | London | London | Journal article | 15/07/2002 | ABS65780 | 118814-1001 | 06/08/2019 | 1 | 06/08/2019 | Journal article |